000 00355nam a2200145Ia 4500
008 230917s9999||||xx |||||||||||||| ||und||
040 _e145627
_aMAIN
041 _aEnglish
082 _a780.954 S123B
100 _aSharma, Sunita
245 0 _aBharatiya sagneet ka etihas
260 _aDelhi
_bSanjay Prakashan
_c1996
300 _a237p p.
942 _cBK
999 _c91468
_d91468